LEADER 00884cam2 22002411 450 001 SOBE00070926 005 20220414123033.0 100 $a20220414d1976 |||||ita|0103 ba 101 $ager$afre 102 $aDE 200 1 $a<<5.2: [>>Politische Geschichte$eProvinzen und Randvolker$eGermanien (Forts.), Alpenprokuraturen, Raetien]. 2 210 $aBerlin$aNew York$cde Gruyter$d1976 215 $aVI, 603-1265 p., 32 p. di tav., [5] c. ripieg.$cill.$d25 cm 461 1$1001E600200054729$12001 $a<<2: >>Principat 801 0$aIT$bUNISOB$c20220414$gRICA 850 $aUNISOB 852 $aUNISOB$j900|Sto$m115739 912 $aSOBE00070926 940 $aM 102 Monografia moderna SBN 941 $aM 957 $a900|Sto$b000044$i-2.5.2$gCON$d115739$racquisto$1bethb$2UNISOB$3UNISOB$420220414123002.0$520220414123033.0$6bethb 996 $aPolitische Geschichte$9988021 997 $aUNISOB